OPERATIONAL SUPPORT AND ANALYSIS A GUIDE (Record no. 27438)
[ view plain ]
| 000 -LEADER | |
|---|---|
| fixed length control field | 00378nam a2200145Ia 4500 |
| 008 - FIXED-LENGTH DATA ELEMENTS--GENERAL INFORMATION | |
| fixed length control field | 240624s9999 xx 000 0 und d |
| 041 ## - LANGUAGE CODE | |
| Language code of text/sound track or separate title | eng |
| 082 ## - DEWEY DECIMAL CLASSIFICATION NUMBER | |
| Classification number | 658.5 SAN |
| 100 ## - MAIN ENTRY--PERSONAL NAME | |
| Personal name | SANSBURY JOHN |
| 245 ## - TITLE STATEMENT | |
| Title | OPERATIONAL SUPPORT AND ANALYSIS A GUIDE |
| 250 ## - EDITION STATEMENT | |
| Edition statement | (2nd ed.) |
| 260 ## - PUBLICATION, DISTRIBUTION, ETC. | |
| Date of publication, distribution, etc. | 2015 |
| Place of publication, distribution, etc. | New Delhi |
| Name of publisher, distributor, etc. | Viva Books |
| 300 ## - PHYSICAL DESCRIPTION | |
| Extent | xxiv, : 139 : p. : cm. ; 23 |
| 365 ## - TRADE PRICE | |
| Currency code | RS |
| Price amount | 33 |
| Withdrawn status | Lost status | Damaged status | Not for loan | Home library | Current library | Shelving location | Date acquired | Source of acquisition | Cost, normal purchase price | Total Checkouts | Full call number | Barcode | Date last seen | Copy number | Price effective from | Koha item type |
|---|---|---|---|---|---|---|---|---|---|---|---|---|---|---|---|---|
| IMTN | IMTN | Rack 34-A | 05/02/2016 | AP | 795.00 | 658.5 SAN | 27438 | 06/24/2024 | 1 | 06/24/2024 | Books |